书目信息 |
| 题名: |
经济增长
|
|
| 作者: | 诺瓦莱斯 , 费尔南德斯 , 鲁伊斯 著 ;张同斌 译 | |
| 分册: | ||
| 出版信息: | 大连 东北财经大学出版社 2019.1 |
|
| 页数: | 385页 | |
| 开本: | 26cm | |
| 丛书名: | DSGE经典译丛 | |
| 单 册: | ||
| 中图分类: | F061.2 | |
| 科图分类: | ||
| 主题词: | 经济增长理论--jing ji zeng chang li lun--研究 | |
| 电子资源: | ||
| ISBN: | 978-7-5654-3351-1 | |
| 000 | 01691oam2 2200361 450 | |
| 001 | 2161464576 | |
| 005 | 20210930094238.0 | |
| 010 | @a978-7-5654-3351-1@dCNY82.00 | |
| 100 | @a20190406d2019 em y0chiy50 ea | |
| 101 | 1 | @achi@ceng |
| 102 | @aCN@b210000 | |
| 105 | @aa z 001yy | |
| 106 | @ar | |
| 200 | 1 | @a经济增长@Ajing ji zeng chang@e理论和数值求解方法@dEconomic growth@etheory and numerical solution methods@f(西)阿方索·诺瓦莱斯(Alfonso Novales),(西)埃丝特·费尔南德斯(Esther Fernández),(西)杰斯·鲁伊斯(Jesús Ruiz)著@g张同斌译@zeng |
| 210 | @a大连@c东北财经大学出版社@d2019.1 | |
| 215 | @a385页@c照片@d26cm | |
| 225 | 2 | @aDSGE经典译丛@ADSGEjing dian yi cong |
| 225 | 2 | @a当代财经管理名著译库@Adang dai cai jing guan li ming zhu yi ku |
| 300 | @a辽宁省高等学校创新人才支持计划和国家自然科学基金项目资助 | |
| 305 | @a据原书第2版译出 | |
| 330 | @a本书以适宜难度介绍模型构建、模拟和政策评价的有关内容,试图包括外生和内生的、非货币与货币随机增长模型。对迄今为止所有重要的增长模型做了系统梳理和介绍,呈现了一部现代经济增长理论的发展史。 | |
| 461 | 0 | @12001 @aDSGE经典译丛 |
| 461 | 0 | @12001 @a当代财经管理名著译库 |
| 510 | 1 | @aEconomic growth@etheory and numerical solution methods@zeng |
| 517 | 1 | @a理论和数值求解方法@Ali lun he shu zhi qiu jie fang fa |
| 606 | 0 | @a经济增长理论@Ajing ji zeng chang li lun@x研究 |
| 690 | @aF061.2@v5 | |
| 701 | 0 | @c(西)@a诺瓦莱斯@Anuo wa lai si@c(Novales, Alfonso)@4著 |
| 701 | 0 | @c(西)@a费尔南德斯@Afei er nan de si@c(Fernández, Esther)@4著 |
| 701 | 0 | @c(西)@a鲁伊斯@Alu yi si@c(Ruiz, Jesús)@4著 |
| 702 | 0 | @a张同斌@Azhang tong bin@4译 |
| 801 | 0 | @aCN@b百万庄@c20210929 |
| 905 | @b1302870-73@dF061.2@e174@f4 | |
| 经济增长:理论和数值求解方法=Economic growth:theory and numerical solution methods/(西)阿方索·诺瓦莱斯(Alfonso Novales),(西)埃丝特·费尔南德斯(Esther Fernández),(西)杰斯·鲁伊斯(Jesús Ruiz)著/张同斌译.-大连:东北财经大学出版社,2019.1 |
| 385页:照片;26cm.-(DSGE经典译丛).-(当代财经管理名著译库) |
| 辽宁省高等学校创新人才支持计划和国家自然科学基金项目资助 |
| ISBN 978-7-5654-3351-1:CNY82.00 |
| 本书以适宜难度介绍模型构建、模拟和政策评价的有关内容,试图包括外生和内生的、非货币与货币随机增长模型。对迄今为止所有重要的增长模型做了系统梳理和介绍,呈现了一部现代经济增长理论的发展史。 |
| ● |
| 相关链接 |
|
|
|
|
正题名:经济增长
索取号:F061.2/174
 
预约/预借
| 序号 | 登录号 | 条形码 | 馆藏地/架位号 | 状态 | 备注 |
| 1 | 1302870 | 213028702 | 第一样本阅览室/ [索取号:F061.2/174] | 在馆 | |
| 2 | 1302871 | 213028711 | 第一借阅区/ [索取号:F061.2/174] | 在馆 | |
| 3 | 1302872 | 213028720 | 第一借阅区/ [索取号:F061.2/174] | 在馆 | |
| 4 | 1302873 | 213028739 | 第一借阅区/ [索取号:F061.2/174] | 在馆 |